00806nab a2200217uuc4500001000800000005001700008008004100025035001200066035002100078040001300099041000800112100004800120245009900168650002700267650003200294650005400326650006000380773011900440942001000559999001900569102338320240202081852.0070410e20061201 spa  a1023383 a(OCoLC)820154424 ccomduadb aspa10aQuijano Restrepo, Marcela4auteaut943646310aInclusion de la cienaga de Ayapel en la lista de humedales de importancia internacional Ramsar 7aHumedales2lemb959037 aConvención Ramsar9153689 aCiénaga de Ayapel - Córdoba (Colombia)926112 aProtección y conservación del medio ambiente9245200 tEstudios de Derecho (Medellín)gVolumen 063, Número 142, Diciembre 2006, p. 117-134w312888x0120-18670106474 cARIMP c416669d416669